书目信息 |
| 题名: |
自然法典
|
|
| 作者: | 摩莱里 , 蒋亚洲 著 | |
| 分册: | ||
| 出版信息: | 北京 商务印书馆 1982.05 |
|
| 页数: | 216页 | |
| 开本: | 32开 | |
| 丛书名: | ||
| 单 册: | ||
| 中图分类: | N02 | |
| 科图分类: | ||
| 主题词: | 自然科学--哲学理论 | |
| 电子资源: | ||
| ISBN: | 7-100-02025-5 | |
| 000 | 00602nam0 2200205 45 | |
| 001 | 0012051659 | |
| 005 | 20001205162225.2 | |
| 010 | @a7-100-02025-5@d8.60元 | |
| 100 | @a20001205d1982 km y0chiy0120 ea | |
| 101 | 0 | @achi |
| 105 | @a z 000yy | |
| 200 | 1 | @a自然法典@AZi Ran Fa Dian@f(法)摩莱里著;黄建华,蒋亚洲译@F(Fa)Mo Lai Li Zhu;Huang Jian Hua,Jiang Ya Zhou Yi |
| 210 | @a北京@c商务印书馆@d1982.05 | |
| 215 | @a216页@d32开 | |
| 606 | 0 | @a自然科学@x哲学理论 |
| 690 | @aN02@v3 | |
| 701 | 0 | @a摩莱里@4著 |
| 701 | 0 | @a蒋亚洲@4译 |
| 801 | @aCN@bPftUser@c20001205 | |
| 905 | @b514041-042@dN02@eM453@f2 | |
| 自然法典/(法)摩莱里著;黄建华,蒋亚洲译.-北京:商务印书馆,1982.05 |
| 216页;32开 |
| ISBN 7-100-02025-5:8.60元 |
| ● |
| 相关链接 |
|
|
|
正题名:自然法典
索取号:N02/M453
 
预约/预借
| 序号 | 登录号 | 条形码 | 馆藏地/架位号 | 状态 | 备注 |
| 1 | 514041 | 205140417 | 自科库401/401自科库 136排2列5层/ [索取号:N02/M453] | 在馆 | |
| 2 | 514042 | 205140426 | 期刊室512/401自科库 133排2列5层/ [索取号:N02/M453] | 在馆 |